000 00972nas a2200301 4500
001 BR0204432
003 BR-BrBNA
005 20231205103228.0
007 ta
008 230509b bl.|||p| |||| 00| 00por d
040 _aBR-BrBNA
_bpor
_cBiblioteca Nacional de Agricultura
041 _a(Pt)
072 _aF70
100 1 _aLopes, W. de P.
100 1 _aPaula, A. de
100 1 _aSevilha, A.C.
100 1 _aSilva, A.F. da
245 1 _aComposição da flora arbórea de um trecho de floresta estacional no Jardim Botânico da Universidade Federal de Viçosa (face sudoeste), Viçosa, Minas Gerais
650 _aDICOTILEDÔNEA
650 _aFLORA
650 _aJARDIM BOTÂNICO
650 _aCOMPOSIÇÃO BOTÂNICA
650 _aFLORESTA SECUNDÁRIA
650 _aMINAS GERAIS
773 0 _tRevista Árvore (Brazil)
_xISSN 0100-6762
_g(May-Jun 2002), v. 26(3) p. 339-347
_wBR0204432
909 _a202311
_bLúcia
_c55
_dLúcia Elande
942 _2AGRIS
_n0
_cANA
999 _c171769
_d171769